Statistiques concernant Capitales des Etats des USA - Carte

Cliquez ici pour prendre le quiz!

Statistiques générales

  • Ce quiz a été pris 1 485 fois
  • Le résultat moyen est 21 sur 50

Réponses sur la Carte

Les réponses sont colorées sur une échelle allant du rouge au vert en fonction du pourcentage des utilisateurs qui les ont devinées à leur premier essai. Vous pouvez retrouver ces pourcentages ci-dessous.
 

Statistiques - réponses

Réponse% Correct
Sacramento
75%
Honolulu
74%
Austin
65%
Phoenix
65%
Oklahoma City
64%
Baton Rouge
63%
Juneau
63%
Atlanta
61%
Indianapolis
60%
Boston
57%
Denver
56%
Salt Lake City
56%
Santa Fe
55%
Tallahassee
53%
Albany
50%
Nashville
50%
Salem
44%
Boise
43%
Montgomery
43%
Montpelier
42%
Springfield
42%
Helena
41%
Des Moines
40%
Carson City
39%
Cheyenne
39%
Little Rock
39%
Olympia
39%
Bismark
38%
Augusta
37%
Columbus
37%
Pierre
36%
Providence
35%
Saint Paul
35%
Raleigh
34%
Richmond
34%
Frankfort
33%
Harrisburg
33%
Lansing
33%
Jackson
32%
Topeka
32%
Dover
31%
Lincoln
31%
Annapolis
29%
Trenton
29%
Jefferson City
28%
Charleston
27%
Columbia
27%
MAdison
27%
Concord
26%
Hartford
25%

Distribution des résultats

Percentile par nombre de réponses

% des personnes avec chaque résultat

Votre développement - résultats

Vous n’avez pas pris ce quiz